Modificaciones sustanciales, despidos colectivos y períodos de consulta-negociación colectiva en el marco de la Directiva 98/59/CE = (Registro nro. 232245)
[ vista simple ]
| 000 -CABECERA | |
|---|---|
| campo de control de longitud fija | 01123naa a22002417i 4500 |
| 001 - NÚMERO DE CONTROL | |
| campo de control | 232245 |
| 003 - IDENTIFICADOR DEL NÚMERO DE CONTROL | |
| campo de control | ES-MaBCM |
| 005 - FECHA Y HORA DE LA ÚLTIMA TRANSACCIÓN | |
| campo de control | 20260209115745.0 |
| 008 - CÓDIGOS DE INFORMACIÓN DE LONGITUD FIJA | |
| campo de control de longitud fija | 260209s2026 sp ||||| |||| 00| 0 spa d |
| 040 ## - FUENTE DE LA CATALOGACIÓN | |
| Centro transcriptor | ES-MaBCM |
| 100 1# - PUNTO DE ACCESO PRINCIPAL - NOMBRE DE PERSONA | |
| Nombre de persona | Monereo Pérez, José Luis |
| 9 (RLIN) | 31837 |
| 245 10 - MENCIÓN DE TÍTULO | |
| Título | Modificaciones sustanciales, despidos colectivos y períodos de consulta-negociación colectiva en el marco de la Directiva 98/59/CE = |
| Resto del título | Substantial changes, collective redundancies and consultation-collective bargaining periods under Directive 98/59/EC |
| Mención de responsabilidad etc. | José Luis Monereo Pérez, Pompeyo Gabriel Ortega Lozano |
| 504 ## - NOTA DE BIBLIOGRAFÍA, ETC. | |
| Nota de bibliografía etc. | Incluye referencias bibliográficas |
| 504 ## - NOTA DE BIBLIOGRAFÍA, ETC. | |
| Nota de bibliografía etc. | Incluye bibliografía |
| 650 #7 - PUNTO DE ACCESO ADICIONAL DE MATERIA--TÉRMINO DE MATERIA | |
| Término de materia o nombre geográfico como elemento inicial | Despido colectivo |
| 9 (RLIN) | 58390 |
| 650 #7 - PUNTO DE ACCESO ADICIONAL DE MATERIA--TÉRMINO DE MATERIA | |
| Término de materia o nombre geográfico como elemento inicial | Condición de trabajo |
| 9 (RLIN) | 58033 |
| 650 #7 - PUNTO DE ACCESO ADICIONAL DE MATERIA--TÉRMINO DE MATERIA | |
| Término de materia o nombre geográfico como elemento inicial | Negociación colectiva |
| 9 (RLIN) | 59535 |
| 650 #7 - PUNTO DE ACCESO ADICIONAL DE MATERIA--TÉRMINO DE MATERIA | |
| Término de materia o nombre geográfico como elemento inicial | Directiva de la UE |
| 9 (RLIN) | 58417 |
| 655 #4 - TÉRMINO DE INDIZACIÓN--GÉNERO/FORMA | |
| Datos o término principal de género/forma | Jurisprudencia |
| 9 (RLIN) | 115565 |
| 700 1# - PUNTO DE ACCESO ADICIONAL--NOMBRE DE PERSONA | |
| Nombre de persona | Ortega Lozano, Pompeyo Gabriel |
| 9 (RLIN) | 119864 |
| 773 0# - ENLACE AL DOCUMENTO FUENTE | |
| Lugar editor y fecha de publicación | Las Rozas, Madrid |
| Parte(s) relacionada(s) | N. 143 (en. 2026) - Loc. En línea |
| Título | La Ley Unión Europea : revista de actualidad jurídica de la Unión Europea |
| Número de control del registro relacionado | 214426 |
| 942 ## - ELEMENTOS DE PUNTO DE ACCESO ADICIONAL (KOHA) | |
| Fuente del sistema de clasificación o colocación | Universal Decimal Classification |
| Tipo de ítem Koha | Artículos de revistas |
| Estado de retiro | Estado de pérdida | Fuente del sistema de clasificación o colocación | Estado dañado | No para préstamo | Localización permanente | Ubicación/localización actual | Ubicación en estantería | Fecha de adquisición | Total de préstamos | Fecha visto por última vez | Precio válido a partir de | Tipo de ítem Koha |
|---|---|---|---|---|---|---|---|---|---|---|---|---|
| Universal Decimal Classification | Biblioteca Central del Ministerio de la Presidencia | Biblioteca Central del Ministerio de la Presidencia | Sala | 09/02/2026 | 09/02/2026 | 09/02/2026 | Artículos de revistas |
